Funkcia marketingového oddelenia v konkrétnej firme bakalárska práca

Guardado en:
Detalles Bibliográficos
Autor principal: Baďurová, Andrea
Autor Corporativo: Obchodná fakulta EU. Katedra marketingu
Otros Autores: Korčoková, Marína, 1970-
Formato: Libro
Lenguaje:eslovaco
Publicado: Bratislava 2011
Etiquetas: Agregar Etiqueta
Sin Etiquetas, Sea el primero en etiquetar este registro!

MARC

LEADER 00000nbm a2200000 4500
001 0140475
005 20170315090428.8
041 0 |a slo 
044 |a SK 
245 1 0 |a Funkcia marketingového oddelenia v konkrétnej firme  |b bakalárska práca  |c Andrea Baďurová ; školiteľ: Marína Korčoková 
264 1 |a Bratislava  |c 2011 
300 |a 49 s. 
100 1 |a Baďurová, Andrea 
700 1 |a Korčoková, Marína, 1970- 
710 2 |a Obchodná fakulta EU. Katedra marketingu